Statistics for Pokémon Cosplays 2

Click here to take the quiz!

General Stats

  • This quiz has been taken 8 times
  • The average score is 16 of 20

Answer Stats

Answer% Correct
Bulbasaur
100%
Magikarp
100%
Sylveon
100%
Charmeleon
88%
Diglett
88%
Dragonair
88%
Greninja
88%
Jirachi
88%
Minun
88%
Torchic
88%
Umbreon
88%
Hitmonlee
75%
Ho-oh
75%
Kyurem
75%
Yveltal
75%
Entei
63%
Latias
63%
Vaporeon
63%
Milotic
50%
Lugia
38%

Score Distribution

Percentile by Number Answered

Percent of People with Each Score

Your Score History

You have not taken this quiz